Gravity Falls - Statistics

General Stats
  • This quiz has been taken 167 times
  • The average score is 21 of 28
Answer Stats
Hint Answer % Correct
Smart Twin Brother Dipper Pines
100%
Goofy Twin Sister Mabel Pines
99%
Lazy Worker at the Mystery Shack Wendy Corduroy
95%
Repairman at the Mystery Shack Soos
94%
On/Off Boyfriend of #6; Goth Robbie Valentino
92%
Pet Pig Owned by Goofy Twin Sister Waddles
91%
Owner of Mystery Shack Grunkle Stan
90%
Brother of Mystery Shack Owner Grunkle Ford
89%
Gravity Falls Main Villain Bill Cipher
88%
BFF of #2 Candy Chiu
88%
Main Rival of #2; Rich Girl Pacifica Northwest
88%
Crazy Hillbilly; Secretly Smart Scientist Old Man McGucket
87%
Self-Proclaimed Psychic; Rival of #3 Lil Gideon
86%
BFF of #2 Grenda
84%
Gravity Falls Waitress; Love of #3 Lazy Susan
83%
Time God Time Baby
78%
Gravity Falls Reporter Toby Determined
74%
Gravity Falls Sheriff Sheriff Blubs
72%
Time Traveling Anomalies Remover Blendin Blandin
71%
Gravity Falls Car Salesman; #8's Father Bud Gleeful
66%
Friend of #6 Thompson
65%
Gravity Falls Deputy Deputy Durland
64%
Friend of #6 Tambry
63%
Gravity Falls Lumberjack; #6's Father Manly Dan
61%
Friend of #6 Nate
54%
Friend of #6 Lee
53%
Gravity Falls Enthusiasm Enthusiast Tyler Cutebiker
39%
Gravity Falls Married Bird Guy Woodpecker Guy
23%
No matching quizzes found
Score Distribution
Percent of People with Each Score
Percentile by Number Answered
Your Score History
You have not taken this quiz